MARC

LEADER 00000nam a2200000Ia 4500
001 10214
008 160829s1993 xx 000 0 cat d
080 |a E-1-197 
100 |a Ripoll, Joan  |9 29169 
245 |a La Salut a la infància :  |b  Parlem-ne! / Joan Ripoll 
260 |a Barcelona :  |b Associaciò de Mestres Rosa Sensat :  |b Diputació de Barcelona,  |c 1993 
300 |a 93 p. ;  |c 22 cm 
490 |a Temes d'infància ; 21 
650 0 |a Puericultura   |9 25715 
710 1 |a Barcelona (Catalunya : Província).  |b Diputació  |9 52408 
710 2 |a Rosa Sensat (Associació)  |9 54183 
901 |a Arxiu 
942 |n 1 
952 |0 0  |1 0  |4 0  |6 E1197  |7 1  |9 45085  |a Arxiu  |b Arxiu  |d 2016-12-01  |l 0  |o E-1-197  |p 10214  |r 2016-12-01 00:00:00  |w 2016-12-01  |y ARXIU 
999 |c 47705  |d 47705